000 01370nkm a2200373 c 4500
003 BLK
005 20180421002057.0
008 180412b bul rap|r|||| r0| ||bulo|
010 _aKNG00173608000
040 _aBLK
041 _aRUS
_cRUS
_hENG
080 _aЖивопис
_b75
_x(420):069
_z75(420):069
100 1 _aКроль, Александра Ефимовна
_eпърви автор
_984320
139 _aКроль, Александра Ефимовна
_bК 91
245 1 0 _aАнглийская живопись XVI - XIX веков в Эрмитаже
_cАлександра Ефимовна Кроль.
246 1 1 _aEnglish Painting of the XVI - XIX Centuries at the Hermitage Museum
257 _aSUN
260 Ленинград
_bГос. Эрмитаж
_c1961
300 _a88 с.
_bс ил.
_c30 см
380 _a7
500 _aСписък на ил. - 10 000 тир.
650 4 _aЖивопис
_9155358
650 4 _aЖивопис - галерии, изложби, колекции и музеи
_9254628
651 4 _aАнглия
_9178532
653 _aживопис
653 _aАнглия
653 _aXVI - XIX в.
653 _aЕрмитаж
852 _aЦб Гр А ІІ 822
856 4 _qpdf
_u
856 4 _qpdf
_u
942 _cGRA
_n0
944 _aCR
_c30.03.2015
_kКамелия_Данева
944 _aED
_c30.03.2015
_kКамелия_Данева
999 _c210906
_d210906